[Event "Titled Tuesday intern op 18th Apr Early"]
[Site "Chess.com INT"]
[Date "2023.04.18"]
[Round "11"]
[White "Delorme, Axel"]
[Black "Delorme, Alban"]
[Result "0-1"]
[WhiteElo "2483"]
[BlackElo "2298"]
[PlyCount "74"]
[EventDate "2023.04.18"]
[EventType "swiss (blitz)"]
[EventRounds "11"]
[EventCountry "USA"]
[SourceTitle "EXT 2024"]
[Source "ChessBase"]
[SourceDate "2023.10.10"]
[SourceVersion "1"]
[SourceVersionDate "2023.10.10"]
[SourceQuality "1"]

1. e4 c5 2. Nf3 d6 3. Bb5+ Bd7 4. Bxd7+ Nxd7 5. 0-0 g6 6. c3 Bg7 7. d4 Ngf6 8. Re1 0-0 9. h3 cxd4 10. cxd4 d5 11. e5 Ne4 12. Nbd2 Nxd2 13. Bxd2 e6 14. Bg5 Qb6 15. Qd2 h6 16. Bxh6 Rfc8 17. Rac1 Bxh6 18. Rxc8+ Rxc8 19. Qxh6 Qxb2 20. Ng5 Nf8 21. Re3 Qxd4 22. Rf3 Rc1+ 23. Kh2 Qxe5+ 24. Rg3 Rc3 25. Nf3 Qf6 26. h4 e5 27. h5 e4 28. hxg6 Nxg6 29. Ng5 Rxg3 30. Kxg3 Qf4+ 31. Kh3 Qxf2 32. Qh7+ Kf8 33. Ne6+ fxe6 34. Qxg6 Qf5+ 35. Qxf5+ exf5 36. Kg3 Ke7 37. Kf4 Kf6 0-1

[Event "Titled Tuesday intern op 18th Apr Early"]
[Site "Chess.com INT"]
[Date "2023.04.18"]
[Round "8"]
[White "Ibadov, Dashgyn"]
[Black "Delorme, Alban"]
[Result "0-1"]
[WhiteElo "2391"]
[BlackElo "2298"]
[PlyCount "80"]
[EventDate "2023.04.18"]
[EventType "swiss (blitz)"]
[EventRounds "11"]
[EventCountry "USA"]
[SourceTitle "EXT 2024"]
[Source "ChessBase"]
[SourceDate "2023.10.10"]
[SourceVersion "1"]
[SourceVersionDate "2023.10.10"]
[SourceQuality "1"]

1. e4 c5 2. Nf3 d6 3. d4 cxd4 4. Nxd4 Nf6 5. Nc3 a6 6. h3 e5 7. Nde2 h5 8. Bg5 Be6 9. Bxf6 Qxf6 10. Nd5 Qd8 11. Nec3 Nc6 12. Bc4 g6 13. 0-0 Bg7 14. Bb3 0-0 15. Qd3 Kh8 16. Rad1 Nd4 17. f4 f5 18. Ne3 Bxb3 19. axb3 exf4 20. Rxf4 Be5 21. exf5 Bxf4 22. Qxd4+ Be5 23. Qe4 gxf5 24. Nxf5 Qg5 25. Rf1 Rf7 26. Nd5 Raf8 27. Nde3 Rg8 28. c3 Rf6 29. b4 Re8 30. Kh1 Qg6 31. Qxb7 Bf4 32. Nd5 Rxf5 33. Nxf4 Qf6 34. Qf3 Rf8 35. g3 h4 36. Qg4 hxg3 37. Ng6+ Qxg6 38. Qxg6 Rxf1+ 39. Kg2 R8f2+ 40. Kxg3 Rg1+ 0-1

[Event "Titled Tuesday intern op 28th Mar Early"]
[Site "Chess.com INT"]
[Date "2023.03.28"]
[Round "7"]
[White "Delorme, Alban"]
[Black "Bolourchifard, Farzad"]
[Result "0-1"]
[WhiteElo "2292"]
[BlackElo "2292"]
[PlyCount "78"]
[EventDate "2023.03.28"]
[EventType "swiss (blitz)"]
[EventRounds "11"]
[EventCountry "USA"]
[SourceTitle "EXT 2024"]
[Source "ChessBase"]
[SourceDate "2023.10.10"]
[SourceVersion "1"]
[SourceVersionDate "2023.10.10"]
[SourceQuality "1"]

1. e4 e5 2. Nf3 Nc6 3. Bc4 Bc5 4. c3 Nf6 5. d4 exd4 6. b4 Bb6 7. e5 d5 8. exf6 dxc4 9. Qe2+ Be6 10. b5 d3 11. Qe4 Na5 12. fxg7 Rg8 13. Bg5 Qd5 14. Qxh7 Kd7 15. 0-0 Rae8 16. Nbd2 Kc8 17. Rae1 Qxb5 18. Re5 Qd7 19. Ne4 Nc6 20. Nf6 Nxe5 21. Nxe5 Qb5 22. Nxe8 Qxe8 23. Re1 Ba5 24. Ng4 Bxc3 25. Nf6 Bxf6 26. Bxf6 b6 27. h4 Kb8 28. h5 Qc8 29. h6 Bf5 30. Qxg8 Qxg8 31. f3 Be6 32. Kf2 Qh7 33. Re4 d2 34. Rd4 c3 35. Ke2 Kb7 36. Rd8 Qc2 37. g8Q d1Q+ 38. Ke3 Qe1+ 39. Kf4 Qcc1+ 0-1

[Event "Titled Tuesday intern op 28th Mar Early"]
[Site "Chess.com INT"]
[Date "2023.03.28"]
[Round "8"]
[White "Souleidis, Georgios"]
[Black "Delorme, Alban"]
[Result "1-0"]
[WhiteElo "2422"]
[BlackElo "2292"]
[PlyCount "99"]
[EventDate "2023.03.28"]
[EventType "swiss (blitz)"]
[EventRounds "11"]
[EventCountry "USA"]
[SourceTitle "EXT 2024"]
[Source "ChessBase"]
[SourceDate "2023.10.10"]
[SourceVersion "1"]
[SourceVersionDate "2023.10.10"]
[SourceQuality "1"]

1. e4 c5 2. Be2 g6 3. d3 Bg7 4. f4 Nc6 5. Nf3 e6 6. 0-0 Nge7 7. c3 0-0 8. Be3 b6 9. d4 cxd4 10. cxd4 d5 11. e5 a5 12. Nc3 Ba6 13. Nb5 Na7 14. a4 Qd7 15. Qb3 Nec6 16. Rfc1 Rfc8 17. Bf1 Nb4 18. Nd6 Rxc1 19. Rxc1 Bxf1 20. Kxf1 Bf8 21. Bd2 Bxd6 22. exd6 Qxd6 23. Bxb4 axb4 24. Ne5 Rc8 25. Rxc8+ Nxc8 26. Nd3 Qc6 27. Ke1 Nd6 28. Qxb4 Nf5 29. Kd2 Nd6 30. Ne5 Ne4+ 31. Kd1 Nf2+ 32. Ke2 Qc2+ 33. Qd2 Qxd2+ 34. Kxd2 Ne4+ 35. Kc2 Nd6 36. Nd7 Nc8 37. Kc3 f6 38. Kb4 Kf7 39. Kb5 Ke7 40. Nxb6 Nd6+ 41. Kb4 Kd8 42. a5 Kc7 43. Na4 e5 44. dxe5 fxe5 45. fxe5 Nf7 46. e6 Ng5 47. e7 Kd7 48. a6 Ne6 49. Nc5+ Kxe7 50. Nxe6 1-0

[Event "Titled Tuesday intern op 14th Mar Late"]
[Site "Chess.com INT"]
[Date "2023.03.14"]
[Round "2"]
[White "Ronka, Erik"]
[Black "Delorme, Alban"]
[Result "1-0"]
[WhiteElo "2281"]
[BlackElo "2292"]
[PlyCount "35"]
[EventDate "2023.03.14"]
[EventType "swiss (blitz)"]
[EventRounds "11"]
[EventCountry "USA"]
[SourceTitle "EXT 2024"]
[Source "ChessBase"]
[SourceDate "2023.10.10"]
[SourceVersion "1"]
[SourceVersionDate "2023.10.10"]
[SourceQuality "1"]

1. e4 c5 2. Nf3 d6 3. Bb5+ Bd7 4. Bxd7+ Nxd7 5. 0-0 Ngf6 6. Qe2 g6 7. c3 Bg7 8. d4 cxd4 9. cxd4 d5 10. e5 Ne4 11. Nbd2 Nxd2 12. Bxd2 e6 13. Bb4 a5 14. Bd6 Nb6 15. Qb5+ Nd7 16. Rac1 Bf8 17. Bc7 Qe7 18. Qxb7 1-0

[Event "Titled Tuesday intern op 7th Mar Early"]
[Site "Chess.com INT"]
[Date "2023.03.07"]
[Round "4"]
[White "Doshi, Moksh Amitbhai"]
[Black "Delorme, Alban"]
[Result "1-0"]
[WhiteElo "2388"]
[BlackElo "2292"]
[PlyCount "79"]
[EventDate "2023.03.07"]
[EventType "swiss (blitz)"]
[EventRounds "11"]
[EventCountry "USA"]
[SourceTitle "EXT 2024"]
[Source "ChessBase"]
[SourceDate "2023.10.10"]
[SourceVersion "1"]
[SourceVersionDate "2023.10.10"]
[SourceQuality "1"]

1. c4 Nf6 2. g3 g6 3. Bg2 Bg7 4. Nc3 0-0 5. e4 d6 6. Nge2 c5 7. 0-0 Nc6 8. d3 Rb8 9. h3 a6 10. f4 Ne8 11. Be3 b5 12. Qd2 Nc7 13. Kh2 Ne6 14. f5 Ned4 15. Nd5 e6 16. f6 Bh8 17. Bxd4 exd5 18. Be3 dxc4 19. Bg5 cxd3 20. Qxd3 Ne5 21. Qc2 Re8 22. Rad1 Be6 23. Nf4 Qc7 24. Nd5 Bxd5 25. Rxd5 c4 26. Rfd1 Rbd8 27. Qd2 Nd3 28. Qc3 Re5 29. R1xd3 Rxg5 30. Rxg5 Bxf6 31. Qxf6 cxd3 32. Rd5 Re8 33. Rxd3 Re6 34. Qc3 Qe7 35. Qd4 h5 36. h4 g5 37. Rc3 gxh4 38. Rc8+ Kh7 39. Qh8+ Kg6 40. Rg8# 1-0

[Event "Titled Tuesday intern op 7th Mar Early"]
[Site "Chess.com INT"]
[Date "2023.03.07"]
[Round "1"]
[White "Principe, Gerson"]
[Black "Delorme, Alban"]
[Result "0-1"]
[WhiteElo "2232"]
[BlackElo "2292"]
[PlyCount "98"]
[EventDate "2023.03.07"]
[EventType "swiss (blitz)"]
[EventRounds "11"]
[EventCountry "USA"]
[SourceTitle "EXT 2024"]
[Source "ChessBase"]
[SourceDate "2023.10.10"]
[SourceVersion "1"]
[SourceVersionDate "2023.10.10"]
[SourceQuality "1"]

1. d4 Nf6 2. Nf3 g6 3. e3 Bg7 4. Be2 0-0 5. 0-0 c5 6. c3 d6 7. b4 b6 8. a4 Nd5 9. Ba3 a5 10. bxc5 dxc5 11. Bc4 cxd4 12. cxd4 Ba6 13. Bxa6 Nxa6 14. Qb3 Re8 15. Nc3 Nxc3 16. Qxc3 Rc8 17. Qb3 Nc5 18. dxc5 Bxa1 19. Rxa1 bxc5 20. Qc4 Qd6 21. h4 h5 22. Ng5 e6 23. Bb2 Qd5 24. Qc3 e5 25. e4 Qd4 26. Qf3 Qd7 27. Rd1 Qe7 28. Rd5 f6 29. Nh3 c4 30. Bc3 Red8 31. g4 Rxd5 32. exd5 hxg4 33. Qxg4 Rd8 34. h5 f5 35. Qg3 Rxd5 36. hxg6 Rd3 37. Qxe5 Qxe5 38. Bxe5 c3 39. Nf4 Rd1+ 40. Kg2 c2 41. Bb2 Rb1 42. Ba3 c1Q 43. Bxc1 Rxc1 44. Kg3 Rc3+ 45. Kh4 Rc4 46. Kg5 Rxa4 47. Kxf5 Rb4 48. Kg5 Rb5+ 49. Kh6 Rf5 0-1

[Event "Titled Tuesday intern op 21st Feb Early"]
[Site "Chess.com INT"]
[Date "2023.02.21"]
[Round "3"]
[White "Delorme, Alban"]
[Black "Topalov, Aleksandar"]
[Result "1-0"]
[WhiteElo "2292"]
[BlackElo "2233"]
[PlyCount "125"]
[EventDate "2023.02.21"]
[EventType "swiss (blitz)"]
[EventRounds "11"]
[EventCountry "USA"]
[SourceTitle "CBM 212 Extra"]
[Source "ChessBase"]
[SourceDate "2023.03.31"]
[SourceVersion "1"]
[SourceVersionDate "2023.03.31"]
[SourceQuality "1"]

1. e4 e6 2. d4 d5 3. Nc3 Bb4 4. e5 Qd7 5. h4 h5 6. Nf3 b6 7. Bd2 Ba6 8. Bxa6 Nxa6 9. Qe2 Nb8 10. a3 Be7 11. g3 c5 12. 0-0 Nc6 13. Be3 a6 14. Rfd1 Nh6 15. Bg5 Nf5 16. Bxe7 Ncxe7 17. Kh2 Qc6 18. Qd3 g6 19. Ne2 c4 20. Qd2 a5 21. Nf4 Rc8 22. Rac1 c3 23. bxc3 Qxc3 24. Qxc3 Rxc3 25. Rd3 Rc6 26. Rb1 Kd7 27. c3 Rhc8 28. Ng5 Nh6 29. Rb3 R8c7 30. Ne2 Kc8 31. Nh7 Kb7 32. Nf6 Nc8 33. Rd2 Ka7 34. Rdb2 Nf5 35. Kg2 Nfe7 36. Ne8 Rd7 37. Nf6 Rd8 38. Nh7 Ng8 39. Ng5 Nh6 40. Nf4 Rd7 41. Ne2 Rb7 42. Nh3 Ka6 43. Nhf4 b5 44. Nc1 Na7 45. Ncd3 Rc4 46. Nc5+ Rxc5 47. dxc5 Rc7 48. Ne2 Rxc5 49. Nd4 Nf5 50. a4 Nxd4 51. cxd4 Rc4 52. axb5+ Kb6 53. Rd2 a4 54. Ra3 Nxb5 55. Rad3 Ka5 56. Rf3 Rc7 57. Ra2 a3 58. Rfxa3+ Nxa3 59. Rxa3+ Kb4 60. Ra1 Kc3 61. Rc1+ Kxd4 62. Rxc7 Kxe5 63. Rxf7 1-0

[Event "Titled Tuesday intern op 21st Feb Early"]
[Site "Chess.com INT"]
[Date "2023.02.21"]
[Round "2"]
[White "Delorme, Alban"]
[Black "Ziatdinov, Raset"]
[Result "1/2-1/2"]
[WhiteElo "2292"]
[BlackElo "2115"]
[PlyCount "130"]
[EventDate "2023.02.21"]
[EventType "swiss (blitz)"]
[EventRounds "11"]
[EventCountry "USA"]
[SourceTitle "CBM 212 Extra"]
[Source "ChessBase"]
[SourceDate "2023.03.31"]
[SourceVersion "1"]
[SourceVersionDate "2023.03.31"]
[SourceQuality "1"]

1. e4 c5 2. Nf3 Nc6 3. d4 cxd4 4. Nxd4 e5 5. Nb5 d6 6. N1c3 a6 7. Na3 b5 8. Nd5 Nge7 9. c4 Nd4 10. Be3 Nxd5 11. exd5 Be7 12. Bd3 Nf5 13. 0-0 0-0 14. cxb5 Nxe3 15. fxe3 f5 16. bxa6 e4 17. Be2 Bg5 18. Nc4 Bxa6 19. Qd4 Bf6 20. Qd2 Bxc4 21. Bxc4 Qb6 22. Rxf5 Bxb2 23. Rxf8+ Rxf8 24. Rb1 Qc5 25. Rxb2 Qxc4 26. h3 h5 27. Qd4 Rf1+ 28. Kh2 Qxd4 29. exd4 Rd1 30. Rb6 e3 31. Rb2 Rd2 32. Rb3 e2 33. Re3 Rxa2 34. Kg3 Kf7 35. Kf3 Ra4 36. Kxe2 Rxd4 37. Rd3 Re4+ 38. Kf3 Re5 39. Kf4 Kf6 40. h4 Rf5+ 41. Ke4 Re5+ 42. Kf4 Re1 43. g3 Rf1+ 44. Ke4 Re1+ 45. Kf4 g6 46. Rb3 Rf1+ 47. Ke4 g5 48. hxg5+ Kxg5 49. Rb6 Kg4 50. Rxd6 Re1+ 51. Kd4 Kxg3 52. Rg6+ Kf4 53. d6 h4 54. Rh6 Kg5 55. Rh8 Kg4 56. Kd5 Kg3 57. Kc6 h3 58. Rh5 h2 59. d7 Rd1 60. Kc7 Rc1+ 61. Kb8 Rd1 62. Kc8 Rxd7 63. Kxd7 Kg2 64. Ke6 h1Q 65. Rxh1 Kxh1 1/2-1/2

[Event "Titled Tuesday intern op 21st Feb Early"]
[Site "Chess.com INT"]
[Date "2023.02.21"]
[Round "8"]
[White "Heinemann, Josefine"]
[Black "Delorme, Alban"]
[Result "1-0"]
[WhiteElo "2336"]
[BlackElo "2292"]
[PlyCount "33"]
[EventDate "2023.02.21"]
[EventType "swiss (blitz)"]
[EventRounds "11"]
[EventCountry "USA"]
[SourceTitle "CBM 212 Extra"]
[Source "ChessBase"]
[SourceDate "2023.03.31"]
[SourceVersion "1"]
[SourceVersionDate "2023.03.31"]
[SourceQuality "1"]

1. e4 c5 2. Nf3 d6 3. Bb5+ Bd7 4. Bxd7+ Nxd7 5. 0-0 Ngf6 6. Qe2 g6 7. c3 Bg7 8. d4 cxd4 9. cxd4 d5 10. e5 Ne4 11. Ne1 0-0 12. f3 Ng5 13. Bxg5 Qb6 14. Be3 Nxe5 15. dxe5 d4 16. Bf2 d3 17. Nxd3 1-0

[Event "Titled Tuesday intern op 21st Feb Early"]
[Site "Chess.com INT"]
[Date "2023.02.21"]
[Round "4"]
[White "Lehtosaari, Mauri"]
[Black "Delorme, Alban"]
[Result "1-0"]
[WhiteElo "2188"]
[BlackElo "2292"]
[PlyCount "173"]
[EventDate "2023.02.21"]
[EventType "swiss (blitz)"]
[EventRounds "11"]
[EventCountry "USA"]
[SourceTitle "CBM 212 Extra"]
[Source "ChessBase"]
[SourceDate "2023.03.31"]
[SourceVersion "1"]
[SourceVersionDate "2023.03.31"]
[SourceQuality "1"]

1. d4 Nf6 2. Nf3 g6 3. Bg5 Bg7 4. c3 0-0 5. Nbd2 d6 6. e4 c5 7. dxc5 dxc5 8. Bc4 Nc6 9. 0-0 Qc7 10. Qe2 Bg4 11. Qe3 b6 12. e5 Bxf3 13. exf6 exf6 14. Bf4 Ne5 15. Bxe5 fxe5 16. Nxf3 Rad8 17. Rad1 h6 18. g3 Kh7 19. Qe2 f5 20. Rxd8 Rxd8 21. Rd1 Re8 22. Nh4 e4 23. Qd2 Rf8 24. Qd7 Qe5 25. Qe6 Qxe6 26. Bxe6 h5 27. f4 Rf6 28. Bc4 Rc6 29. Rd7 a5 30. a4 Kh6 31. Ng2 Bf6 32. Kf2 g5 33. Ke2 h4 34. fxg5+ Bxg5 35. Ne3 Kg6 36. Bf7+ Kf6 37. Bh5 hxg3 38. hxg3 f4 39. gxf4 Bxf4 40. Nd5+ Ke5 41. Nxf4 Kxf4 42. Rf7+ Ke5 43. Rf2 Rh6 44. Be8 Rh1 45. Bb5 Rb1 46. Ke3 Re1+ 47. Kd2 Rh1 48. Kc2 Rh3 49. Re2 e3 50. Kd3 Kf4 51. Bc6 Rg3 52. b3 Rg1 53. Bb5 Rd1+ 54. Kc4 Rd2 55. Re1 Kf3 56. b4 axb4 57. cxb4 cxb4 58. Kxb4 Kf2 59. Rh1 e2 60. Bxe2 Ke3 61. Bb5 Rb2+ 62. Kc3 Ra2 63. Rh6 Ke4 64. Rxb6 Ra1 65. Kb2 Rh1 66. Rc6 Kd4 67. Kb3 Rh3+ 68. Kb4 Rh1 69. Rc4+ Kd5 70. Rc2 Rh4+ 71. Ka5 Rh8 72. Kb6 Rh6+ 73. Kb7 Rh7+ 74. Rc7 Rh3 75. a5 Kd6 76. Rc6+ Kd5 77. a6 Rb3 78. Kb6 Ra3 79. a7 Ra1 80. Rc8 Rg1 81. a8Q+ Kd4 82. Qc6 Ke3 83. Qc5+ Kf4 84. Qxg1 Ke5 85. Qc5+ Ke6 86. Re8+ Kf7 87. Re7+ 1-0